Operation blackboard / (Record no. 17407)

MARC details
000 -LEADER
fixed length control field 00998nam a22002654a 4500
005 - DATE AND TIME OF LATEST TRANSACTION
control field 20080729164931.0
008 - FIXED-LENGTH DATA ELEMENTS--GENERAL INFORMATION
fixed length control field 080416s2008 waua 001 0 eng
010 ## - LCCN (DPL NO)
LC control number ENG-91456
020 ## - INTERNATIONAL STANDARD BOOK NUMBER
International Standard Book Number 9788131304815
Terms of availability 395.00
035 ## - SYSTEM CONTROL NUMBER
System control number EN-74989
037 ## - SOURCE OF ACQUISITION
Source of stock number/acquisition DBAD / PUB
040 ## - CATALOGING SOURCE
Original cataloging agency DPL
Language of cataloging English
082 ## - DEWEY DECIMAL CLASSIFICATION NUMBER
Classification number 372.954
100 ## - MAIN ENTRY--PERSONAL NAME
Personal name Balusu Veena Kumari
245 ## - TITLE STATEMENT
Title Operation blackboard /
Statement of responsibility, etc by Balusu Veena Kumari [and] Digumarti Bhaskara Rao
260 ## - PUBLICATION, DISTRIBUTION, ETC. (IMPRINT)
Place of publication, distribution, etc New Delhi
Name of publisher, distributor, etc APH Publishing Corp.
Date of publication, distribution, etc 2009
270 ## - ADDRESS
Address 4435-36/7, Ansari Road, Daryaganj,
City New Delhi
Postal code 110002
300 ## - PHYSICAL DESCRIPTION
Extent xxxviii, 471p.
Dimensions 23 cm (Hb)
500 ## - GENERAL NOTE
General note Includes index
650 ## - SUBJECT ADDED ENTRY--TOPICAL TERM
Topical term or geographic name as entry element Education, Primary
Geographic subdivision India
650 ## - SUBJECT ADDED ENTRY--TOPICAL TERM
Topical term or geographic name as entry element Educational planning
Geographic subdivision India
700 ## - ADDED ENTRY--PERSONAL NAME
Personal name Rao, Digumarti Bhaskara
942 ## - ADDED ENTRY ELEMENTS (KOHA)
Source of classification or shelving scheme Dewey Decimal Classification
Item type English Books
Call number suffix PAN
Classification part 372.954
Holdings
Withdrawn status Lost status Source of classification or shelving scheme Damaged status Not for loan Collection code Home library Current library Date acquired Source of acquisition Cost, normal purchase price Total Checkouts Full call number Barcode Date last seen Copy number Cost, replacement price Koha item type
    Dewey Decimal Classification   Not For Loan Non-fiction D.B.Act.Division D.B.Act.Division 03/11/2008 DBAD / PUB 395.00   372.954 PAN EN-74989 03/11/2008 1 395.00 English Books

© Delhi Public Library
Hit Counter
free hit counter